04297nam a22004215i 4500006001900000007001500019008004100034020003700075072001800112072002300130072001700153082001400170100002900184245009600213250001800309260002700327300006200354505049100416520229200907650002403199650003503223650002503258650003903283650004103322650002903363650003403392650001603426650002503442650003203467700007903499700008303578710003403661773002603695776003603721776003603757776003603793856004603829a|||||o|||| 00| 0 cr nn 008mamaa200527s2020 sz | s |||| 0|eng d a9783030475314qOnline Resource 1 7aKJMV82bicssc 7aBUS0870002bisacsh 7aKJMV82thema04a658.72231 aSubramanian, Nachiappan.10aBlockchain and Supply Chain Logisticsh[electronic resource] :bEvolutionary Case Studies / a1st ed. 2020. aLondonbSpringerc2022 aXV, 93 p. 11 illus., 4 illus. in color.bonline resource.0 aChapter 1. Information systems evolution in supply chains -- Chapter 2. Basics of blockchain -- Chapter 3. Blockchain application in food supply chain -- Chapter 4. Blockchain application in healthcare supply chain -- Chapter 5. Blockchain application in transportation supply chain -- Chapter 6. Blockchain application in retail supply chain (Yasa) -- Chapter 7. Blockchain application in manufacturing supply chain -- Chapter 8. Blockchain application in green/reverse supply chain. . aThis book introduces blockchain technology applications in supply chains. Blockchain is a relatively new tool, nevertheless, there have been considerable advances over the last five years, and blockchain is now poised to revolutionize the conventional supply chains with the offering of accountability and quality to the wider complex supply networks. Based on literature reviews and original research, this book serves as an essential introduction to blockchain and its applications in supply chain. The unique features of the book are empirical studies to demonstrate the application of blockchain technology in food, healthcare, manufacturing, transportation and retail sectors. Each chapter includes research framework and open research questions. Simple narration of concept and detailed insights from primary research information. Use case narrative will provoke the readers to demystify the myths in application of concepts in the supply chain . Overall, the book demystifies blockchain technology, reviews evolution and outlines its future applications by blending contents to meet the expectations of both academic and practice community. Professor Nachiappan Subramanian is a Professor of Operations and Logistics Management & Supply Chains at the University of Sussex, UK. With over 22 years of teaching experience in the UK, China, Australia and India, he has published 95 journal articles on topics including technology interventions and sustainability in supply chains. Dr. Atanu Chaudhuri is an Associate Professor of Operations and Technology Management at Durham University Business School, UK, and an Adjunct Associate Professor of Operations and Supply Chain Management at Aalborg University, Denmark. His research focuses on the applications of digital technologies in supply chains, supply chain risk management and resilience. Dr. Yaşanur Kayıkcı is a Consultant and Assistant Professor of Logistics and Technology Management at the Turkish-German University in Istanbul, Turkey. Her research interests include new technologies and innovations (such as Industry 4.0, the Internet of Things, blockchain, and big data), information systems in logistics and supply chains, collaborative business models, food supply chains, sustainability and the circular economy. 0aBusiness logistics. 0aBusiness information services. 0aElectronic commerce. 0aSoftware engineering—Management. 0aInformation technology—Management.14aSupply Chain Management.24aBusiness Information Systems.24aE-Business.24aSoftware Management.24aBusiness IT Infrastructure.1 aChaudhuri, Atanu.eauthor.4aut4http://id.loc.gov/vocabulary/relators/aut1 aKayıkcı, Yaşanur.eauthor.4aut4http://id.loc.gov/vocabulary/relators/aut2 aSpringerLink (Online service)0 tSpringer Nature eBook08iPrinted edition:z978303047530708iPrinted edition:z978303047532108iPrinted edition:z978303047533840uhttps://doi.org/10.1007/978-3-030-47531-4